01023 2200361 4500001002100000005001500021007000300036008004100039020002200080035002000102040001700122041000800139082001100147084001700158090002200175100001900197245007500216250001500291260004000306300003400346500003300380504002900413650002100442700001800463850001000481990002400491990002400515990002400539990002400563990002400587990002400611990002600635INLIS00000000000256820260601022553ta260601 0  a978-979-29-6765-4 a0010-0220000419 aSBPUPADbInd07aInd a583.69 a583.69 RAH u a583.69 RAH u T5-50 aRahmat Rukmana1 aUntung Selangit Dari Agribisnis Karet /cRahmat Rukmana; Editor, Mutya aEd.1.cet.5 aYogyakarta :bLily Publisher,c2018 avi,122 hlm. :bilus. ;c23 cm aBiodata Penulis, hlm 121-122 aBibliografi, hlm 119-120 4aAgribisnis Karet0 aEditor, Mutya aPUPAD a32.722/DAK/DPK/2019 a32.722/DAK/DPK/2019 a32.723/DAK/DPK/2019 a32.723/DAK/DPK/2019 a32.724/DAK/DPK/2019 a32.724/DAK/DPK/2019 a32.725/H/DAK/DPK/2019